| 000 | 00427nam a22001697a 4500 | ||
|---|---|---|---|
| 999 |
_c524517 _d524517 |
||
| 003 | NUST | ||
| 038 | _awaseem | ||
| 082 |
_a301.9547 _bAHM |
||
| 100 |
_aAhmed, Irshad _915327 |
||
| 245 |
_aPunjab K Mard / _cIrshad Ahmed |
||
| 260 |
_aLahore : _bAl-Faisal, _c2001. |
||
| 300 | _a389 p. ; | ||
| 500 | _aHardcover. | ||
| 880 |
_6100-01\r _aارشاد احمد |
||
| 880 |
_6245-02\r _aپنجاب کا مرد / |
||
| 942 |
_2ddc _cBK |
||